000 01023nam a2200253 i 4500
001 67682
003 ES-MaACL
005 20250807233242.0
007 t|
008 040610s2000 sp ||||1| spa d
020 _a84-451-1837-4
080 _a308-055.2(460.27)
080 _a338.1-055.2(460.27)
100 1 _aVillota, Paloma de.
_9115281
245 1 0 _aSituación socioeconómica de las mujeres en la Comunidad de Madrid
_b: análisis de la desigualdad de género en España /
_cPaloma de Villota.
260 _aMadrid :
_bComunidad de Madrid, Dirección General de la Mujer,
_c[2000]
300 _a2 v. :
_bgráf. ;
_c22 cm.
490 1 _aPublicaciones/DGM, Dirección General de la Mujer ;
_v16
650 1 4 _aMujeres-
_zMadrid (Comunidad Autónoma)-
_xSituación social.
_915296
650 _aMujeres-
_zMadrid (Comunidad Autónoma)-
_xSituación económica.
_915295
830 0 0 _aDGM, Dirección General de la Mujer
_v16
_9228545
852 _aES-MaACL
_jL-27836-37
_bR.133563
999 _c67682
_d67682